El caballero de la armadura oxidada

Guardado en:
Detalles Bibliográficos
Autor principal: Fisher, Robert (Autor)
Formato: Libro
Lenguaje:español
Publicado: Barcelona Obelisco 2004
Edición:81a. ed
Colección:Colección Nueva Consciencia
Materias:
Etiquetas: Agregar Etiqueta
Sin Etiquetas, Sea el primero en etiquetar este registro!

MARC

LEADER 00000nam a2200000 a 4500
001 UCH8420
003 CL-VaPUC
008 091127e20040000SP |||||||||||||||||spa|d
020 |a 8477204055 
082 0 4 |a 813  |b FIS  |2 21 
100 0 |a Fisher, Robert  |e author  |9 518998 
245 1 3 |a El caballero de la armadura oxidada 
250 |a 81a. ed 
300 |a 93 p 
942 |c BK 
945 |d 20091127 00:00:00 
260 |a Barcelona  |b Obelisco  |c 2004 
650 0 |a Literatura estadounidense  |9 317168 
583 |a last modification  |c 20091127 00:00:00  |k Rodrigo Vera 
490 0 |a Colección Nueva Consciencia 
999 |c 338634  |d 338632